| 000 | 00492nam a2200121Ia 4500 | ||
|---|---|---|---|
| 008 | 171212s9999 xx 000 0 und d | ||
| 020 | _a9780833085153 | ||
| 100 | _aRiposo, Jessie;McKernan, Megan;Duran, Chelsea Kaihoi | ||
| 245 |
_cRiposo, Jessie;McKernan, Megan;Duran, Chelsea Kaihoi _aProlonged Cycle Times and Schedule Growth in Defense Acquisition _bA Literature Review |
||
| 260 |
_bRAND Corporation _c2014 |
||
| 650 | _aHistory | ||
| 856 | _uhttp://www.jstor.org/stable/10.7249/j.ctt6wq8tq | ||
| 999 |
_c352437 _d352437 |
||